000 00982 am a2200277 a 4500
005 20240625093729.0
008 100622s2006||||ag d f |||| 001 0 spa d
020 _a987115495X
041 _aspa
092 _c378
_l51
_sMAR
100 1 _aMartínez, Silvia
_eComp.
_91175
245 _aPrograma de mejoramiento de la calidad educativa y retención estudiantil.
_b(UNCo 2004-2005) /
_cSilvia Martínez
250 _a1a ed.
260 _aNeuquén [Neuquén ; Argentina]:
_bEDUCO;
_c2006.
300 _a203 p.
500 _aMartínez, S., Echenique, M. y Reta, L. (2006). Programa de mejoramiento de la calidad educativa y retención estudiantil (UNCo 2004-2005). (1a ed.). Neuquén [Argentina] : EDUCO.
653 _aEducación Superior
653 _aRetención Estudiantil
653 _aCalidad educativa
700 1 _aEchenique, Mónica
_eComp.
_91176
700 1 _aReta, Lucrecia
_eComp.
_91177
930 _a1648
930 _a1632
930 _a1631
942 _2ddc
_cBK
999 _c396
_d396